| Record ID | marc_records_scriblio_net/part17.dat:201514080:906 |
| Source | Scriblio |
| Download Link | /show-records/marc_records_scriblio_net/part17.dat:201514080:906?format=raw |
LEADER: 00906cam 2200289 a 4500
001 85008172 //r97
003 DLC
005 19970922160455.9
008 850327r1985 nyu b 00110 eng c
010 $a 85008172 //r97
020 $a0805207953 (pbk.) :$c$10.95
040 $aDNLM/DLC$cDLC$dDLC
050 00 $aRG661$b.E44 1985
060 $aWQ 150 E43r
082 00 $a618.4/5$219
100 10 $aElkins, Valmai Howe.
245 14 $aThe rights of the pregnant parent /$cValmai Howe Elkins.
250 $aRev. ed., 1st American ed.
260 0 $aNew York :$bSchocken Books,$c1985.
300 $axvi, 384 p. ;$c22 cm.
504 $aIncludes bibliographies and index.
650 0 $aNatural childbirth.
650 0 $aHospitals$xMaternity services.
650 2 $aHospitals, Special$xpopular works.
650 2 $aLabor$xpopular works.
650 2 $aNatural Childbirth.
650 2 $aPatient Advocacy$xpopular works.